| 000 | 00544cam a22002171 4500 | ||
|---|---|---|---|
| 001 | sa 66003730 | ||
| 003 | DLC | ||
| 005 | 20260227112238.0 | ||
| 008 | 890925s1966 ii a 000 0 hino | ||
| 010 | _asa 66003730 | ||
| 035 | _a(OCoLC)20387053 | ||
| 040 |
_aDLC _cWaU _dDLC |
||
| 042 | _apremarc | ||
| 050 | 0 | 0 |
_aPK1931 _b.T48 |
| 100 | 1 |
_aTivārī, Bholānātha, _d1923-1989. |
|
| 245 | 1 | 0 | _aHindī bhāshā. |
| 260 | _c1966. | ||
| 300 |
_a16, 371, 371 p. _billus. _c23 cm. |
||
| 500 | _aIn Hindi. | ||
| 650 | 0 |
_aHindi language _xHistory. |
|
| 999 |
_c69099 _d69099 |
||